|
|
|
|
| LEADER |
01925nam a2200409 i 4500 |
| 001 |
EBC5752243 |
| 003 |
MiAaPQ |
| 005 |
20200520144314.0 |
| 006 |
m o d | |
| 007 |
cr cnu|||||||| |
| 008 |
190511s2019 xx a ob 000 0 eng d |
| 020 |
|
|
|z 9781789738254
|
| 020 |
|
|
|a 9781789738261 (e-book)
|
| 035 |
|
|
|a (MiAaPQ)EBC5752243
|
| 035 |
|
|
|a (Au-PeEL)EBL5752243
|
| 035 |
|
|
|a (OCoLC)1099354959
|
| 040 |
|
|
|a MiAaPQ
|b eng
|e rda
|e pn
|c MiAaPQ
|d MiAaPQ
|
| 050 |
|
4 |
|a HD38.5
|b .N497 2019
|
| 082 |
0 |
|
|a 658.7
|2 23
|
| 245 |
0 |
0 |
|a New supply chain models :
|b disruptive supply chain strategies for 2030 (Systematic literature reviews) /
|c guest editors, Richard Wilding and Beverly Wagner.
|
| 264 |
|
1 |
|a [Place of publication not identified] :
|b Emerald Publishing Limited,
|c 2019.
|
| 300 |
|
|
|a 1 online resource (189 pages) :
|b illustrations.
|
| 336 |
|
|
|a text
|b txt
|2 rdacontent
|
| 337 |
|
|
|a computer
|b c
|2 rdamedia
|
| 338 |
|
|
|a online resource
|b cr
|2 rdacarrier
|
| 490 |
1 |
|
|a Supply Chain Management ;
|v Volume 24, Number 1
|
| 504 |
|
|
|a Includes bibliographical references.
|
| 588 |
|
|
|a Description based on print version record.
|
| 590 |
|
|
|a Electronic reproduction. Ann Arbor, MI : ProQuest, 2018. Available via World Wide Web. Access may be limited to ProQuest affiliated libraries.
|
| 650 |
|
0 |
|a Business logistics.
|
| 655 |
|
4 |
|a Electronic books.
|
| 700 |
1 |
|
|a Wilding, Richard,
|e editor.
|
| 700 |
1 |
|
|a Wagner, Beverly,
|e editor.
|
| 776 |
0 |
8 |
|i Print version:
|t New supply chain models : disruptive supply chain strategies for 2030 (Systematic literature reviews)
|d [Place of publication not identified] : Emerald Publishing Limited, 2019
|h 189 pages
|k Supply chain management ; Volume 24, Number 1.
|z 9781789738254
|
| 797 |
2 |
|
|a ProQuest (Firm)
|
| 830 |
|
0 |
|a Supply chain management ;
|v Volume 24, Number 1.
|
| 856 |
4 |
0 |
|u https://ebookcentral.proquest.com/lib/matrademy/detail.action?docID=5752243
|z Click to View
|